| 000 | 00507nam a22002057a 4500 | ||
|---|---|---|---|
| 003 | OSt | ||
| 005 | 20240604195149.0 | ||
| 008 | 240604b |||||||| |||| 00| 0 eng d | ||
| 020 | _a0521484863 | ||
| 040 | _cDDC | ||
| 082 | _a530 RID 1994 | ||
| 100 | _4Ridley. B.K. | ||
| 245 | _aTime,Space and Things. | ||
| 250 | _aThird Edition. | ||
| 260 |
_aNY, _bCambridge University, _c1994. |
||
| 300 |
_ax;191p, _bill, _c21.5cm. |
||
| 504 | _aAppendix,Index. | ||
| 650 |
_aPhysics. _9809 |
||
| 942 |
_2ddc _cO_SHELF |
||
| 999 |
_c8350 _d8350 |
||